000 00766nam a2200241Ia 4500
003 OSt
005 20220926012447.0
006 a|||||r|||| 00| 0
007 ta
008 220923b |||||||| |||| 00| 0 eng d
037 _cGeneral Book
040 _aRTL
_cRTL
_beng
041 _2eng
_aeng
082 _aU481:(G:55), M5
100 _aSeamon David Ed.
_994766
245 0 _aDwelling, place and environment
_bTowards a phenomenology of Person and World
260 _aNew York
_bColumbia University Press U S A
_c1985
300 _avii,310p
_ccm.
650 _aHuman Geography
_91464
700 _a Mugerauer Robert Ed.
_9316569
942 _hU481:(G:55), M5
_cGB
_2CC
999 _c623098
_d623098